<?xml version="1.0" encoding="UTF-8"?>
<record
    xmlns:xsi="http://www.w3.org/2001/XMLSchema-instance"
    xsi:schemaLocation="http://www.loc.gov/MARC21/slim http://www.loc.gov/standards/marcxml/schema/MARC21slim.xsd"
    xmlns="http://www.loc.gov/MARC21/slim">

  <leader>02175agaaa2200337   4500</leader>
  <controlfield tag="001">5932</controlfield>
  <controlfield tag="003">IT-RoPAU</controlfield>
  <controlfield tag="005">20220918181236.0</controlfield>
  <controlfield tag="007">d cvaizq</controlfield>
  <controlfield tag="008">50131s9999||||xx ||| |     ||   ||und||</controlfield>
  <datafield tag="040" ind1=" " ind2=" ">
    <subfield code="a">IT-RoPAU</subfield>
    <subfield code="c">IT-RoPAU</subfield>
  </datafield>
  <datafield tag="041" ind1=" " ind2=" ">
    <subfield code="a">ITALIANO</subfield>
  </datafield>
  <datafield tag="100" ind1=" " ind2=" ">
    <subfield code="a">Ki-Duk Kim</subfield>
    <subfield code="g">Codice regista SPICS: 58305</subfield>
    <subfield code="9">42953</subfield>
  </datafield>
  <datafield tag="130" ind1=" " ind2=" ">
    <subfield code="a">PRIMAVERA, ESTATE, AUTUNNO, INVERNO... E ANCORA PRIMAVERA</subfield>
    <subfield code="9">42954</subfield>
  </datafield>
  <datafield tag="240" ind1=" " ind2=" ">
    <subfield code="a">BOM YEOREUM GAEUL GYEOUL GUERIGO BOM</subfield>
    <subfield code="g">T3519</subfield>
  </datafield>
  <datafield tag="245" ind1=" " ind2=" ">
    <subfield code="a">PRIMAVERA, ESTATE, AUTUNNO, INVERNO... E ANCORA PRIMAVERA</subfield>
    <subfield code="c">Prodotto da: Baumgartner Karl -- Sceneggiatura: Ki-Duk Kim -- Diretto da: Ki-Duk Kim</subfield>
    <subfield code="p">PRIMAVERA, ESTATE, AUTUNNO, INVERNO... E ANCORA PRIMAVERA (Rif. Codice opera principale : H5932)</subfield>
  </datafield>
  <datafield tag="246" ind1=" " ind2=" ">
    <subfield code="a">BOM YEOREUM GAEUL GYEOUL GUERIGO BOM</subfield>
  </datafield>
  <datafield tag="250" ind1=" " ind2=" ">
    <subfield code="a">Edizione Standard</subfield>
  </datafield>
  <datafield tag="260" ind1=" " ind2=" ">
    <subfield code="a">(COREA SUD - GER)</subfield>
    <subfield code="b">KOREA PICTURES - LJ FILMS - PANDORA FILMPRO / Distribuzione: CIAK</subfield>
    <subfield code="g">"2003 (1&#xB0; ed.: 2005 ; Ed. Lingua Orig.: 2003)"</subfield>
  </datafield>
  <datafield tag="300" ind1=" " ind2=" ">
    <subfield code="a">DVD</subfield>
    <subfield code="b">sonoro, col.</subfield>
    <subfield code="c">103 minuti</subfield>
  </datafield>
  <datafield tag="508" ind1=" " ind2=" ">
    <subfield code="a">"Fotografia: Dong-Hyun Baek; Montaggio: Ki.Duk Kim; Musica: Jee-Woong Bark; Sceneggiatura: Ki-Duk Kim; Scenografia: Sang-Man Oh Schonber; "</subfield>
  </datafield>
  <datafield tag="511" ind1=" " ind2=" ">
    <subfield code="a">"Young-Su Oh; Ki-Duk Kim; Young-Min Kim; Jae-Kyung Seo; Yeo-Jin Ha; Jong-Ho Kim"</subfield>
  </datafield>
  <datafield tag="520" ind1=" " ind2=" ">
    <subfield code="a">UN LUOGO MAGICO, IMMERSO NELLA NATURA E LONTANO DALLA CIVILTA': UN PICCOLOMONASTERO COREANO. LA VITA E' RITRATTA NEL SUO SCORRERE, CHE SEMBRA SEGUIRE IL RITMO DELLE STAGIONI. UN MONACO BAMBINO APPRENDE, DALL'INSEGNAMENTO DEL VECCHIO MONACO, IL SENSO DELLA VITA. PIU' GRANDE CONOSCERA' L'AMORE E IL SESSO. DA UOMO MATURO E COLPEVOLE DI OMICIDIO, TORNERA' IN CERCA DI PACE EDESPIAZIONE. INFINE, ORMAI VECCHIO, ACCOGLIERA' IL FIGLIO CHE UNA DONNA SCONOSCIUTA ABBANDONA ALLE PORTE DEL MONASTERO. UNA SUGGESTIVA PARABOLA ZEN.</subfield>
  </datafield>
  <datafield tag="538" ind1=" " ind2=" ">
    <subfield code="a">PAL, STEREO</subfield>
  </datafield>
  <datafield tag="546" ind1=" " ind2=" ">
    <subfield code="a">ITALIANO</subfield>
  </datafield>
  <datafield tag="650" ind1=" " ind2=" ">
    <subfield code="a">DRAMMATICO</subfield>
    <subfield code="e">DVD-FILM [DVD]</subfield>
    <subfield code="x">Codice MATERIA SPICS: 9947</subfield>
    <subfield code="9">42955</subfield>
  </datafield>
  <datafield tag="700" ind1=" " ind2=" ">
    <subfield code="a">Jee-Woong Bark</subfield>
    <subfield code="e">(musica)</subfield>
    <subfield code="g">Codice Musica SPICS: 58306</subfield>
    <subfield code="9">42956</subfield>
  </datafield>
  <datafield tag="700" ind1=" " ind2=" ">
    <subfield code="a">Ki-Duk Kim </subfield>
    <subfield code="e">(regista)</subfield>
    <subfield code="g">Codice regista SPICS: 58305</subfield>
    <subfield code="9">42957</subfield>
  </datafield>
  <datafield tag="700" ind1=" " ind2=" ">
    <subfield code="a">Ki-Duk Kim </subfield>
    <subfield code="e">(soggetto)</subfield>
    <subfield code="g">Codice Soggetto SPICS: 58305</subfield>
    <subfield code="9">42958</subfield>
  </datafield>
  <datafield tag="942" ind1=" " ind2=" ">
    <subfield code="c">DV</subfield>
    <subfield code="2">ddc</subfield>
  </datafield>
  <datafield tag="999" ind1=" " ind2=" ">
    <subfield code="c">105714</subfield>
    <subfield code="d">105714</subfield>
  </datafield>
  <datafield tag="952" ind1=" " ind2=" ">
    <subfield code="0">0</subfield>
    <subfield code="1">0</subfield>
    <subfield code="4">0</subfield>
    <subfield code="6">H_5932_000000000000000</subfield>
    <subfield code="7">1</subfield>
    <subfield code="a">SPICS</subfield>
    <subfield code="b">SPICS</subfield>
    <subfield code="d">2015-01-31</subfield>
    <subfield code="l">0</subfield>
    <subfield code="o">H5932</subfield>
    <subfield code="r">2015-01-31 00:00:00</subfield>
    <subfield code="w">2015-01-31</subfield>
    <subfield code="y">DV</subfield>
    <subfield code="z">Progr. Ins.: 3339 / N.Vol.:1 / Copie: 1 / Pag.:0 / Copia rara: n.d. / date import: 1.2.2015 / By Epidotti, Trombetti, Vaglietti</subfield>
  </datafield>
</record>
